Online katalóg knižníc regiónu Turca

Čas anjelov (Record no. 22442)

MARC details
000 -LEADER
fixed length control field 01162nam a2200373 a 4500
001 - CONTROL NUMBER
control field 22442
003 - CONTROL NUMBER IDENTIFIER
control field SK-KTurca
005 - DATE AND TIME OF LATEST TRANSACTION
control field 20260328120601.0
008 - FIXED-LENGTH DATA ELEMENTS--GENERAL INFORMATION
fixed length control field 180809s2011 xo g 000 f slo
015 ## - NATIONAL BIBLIOGRAPHY NUMBER
National bibliography number SNBA2011/09-05169
020 ## - INTERNATIONAL STANDARD BOOK NUMBER
International Standard Book Number 9788055123837
Qualifying information (viaz.)
035 ## - SYSTEM CONTROL NUMBER
System control number 3982B2A2-7DB7-438B-B8B4-B4C513D185FD
035 ## - SYSTEM CONTROL NUMBER
System control number urn:nbn:sk:snk-amjh4k
035 ## - SYSTEM CONTROL NUMBER
System control number urn:nbn:sk:snk-am001scv
040 ## - CATALOGING SOURCE
Original cataloging agency SNK
Language of cataloging slo
Transcribing agency SNK
Description conventions AACR2
041 1# - LANGUAGE CODE
Language code of text/sound track or separate title slo
Language code of original eng
044 ## - COUNTRY OF PUBLISHING/PRODUCING ENTITY CODE
MARC country code xo
ISO country code SK
072 #7 - SUBJECT CATEGORY CODE
Subject category code 821.111(73)-3
Subject category code subdivision Americká próza
Source konspekt
080 ## - UNIVERSAL DECIMAL CLASSIFICATION NUMBER
Universal Decimal Classification number 821.111(73)-31
Edition identifier 2001
080 ## - UNIVERSAL DECIMAL CLASSIFICATION NUMBER
Universal Decimal Classification number (0:82-31)
Edition identifier 2001
100 1# - MAIN ENTRY--PERSONAL NAME
Personal name Rice, Anne,
Dates associated with a name 1941-2021
Relationship aut
240 10 - UNIFORM TITLE
Uniform title Angel time
Language of a work Slovensky
245 10 - TITLE STATEMENT
Title Čas anjelov
Remainder of title piesne serafov
Statement of responsibility, etc. Anne Riceová ; [z anglického originálu preložil Platon Baker]
246 30 - VARYING FORM OF TITLE
Title proper/short title Piesne serafov
250 ## - EDITION STATEMENT
Edition statement [1. vyd.]
260 ## - PUBLICATION, DISTRIBUTION, ETC.
Place of publication, distribution, etc. Bratislava
Name of publisher, distributor, etc. Ikar
Date of publication, distribution, etc. 2011
300 ## - PHYSICAL DESCRIPTION
Extent 215 s.
Dimensions 24 cm
500 ## - GENERAL NOTE
General note Na obale knihy Anjelská séria 1. časť
655 #7 - INDEX TERM--GENRE/FORM
Genre/form data or focus term americké romány
Source of term SNKPH
655 #7 - INDEX TERM--GENRE/FORM
Genre/form data or focus term American fiction
Source of term SNKPHeng
700 1# - ADDED ENTRY--PERSONAL NAME
Personal name Baker, Platon,
Dates associated with a name 1952-2015
Relationship trl
942 ## - ADDED ENTRY ELEMENTS (KOHA)
Source of classification or shelving scheme Dewey Decimal Classification
Koha item type Krásna literatúra pre dospelých
Suppress in OPAC No
980 ## - EQUIVALENCE OR CROSS-REFERENCE-SERIES STATEMENT--PERSONAL NAME/TITLE [LOCAL, CANADA]
Personal name 821.111(73)-31
Holdings
Stav vyradenia Strata Poškodenie Spôsob nadobudnutia Domovská knižnica Aktuálna knižnica Dátum nadobudnutia Cena Total checkouts Čiarový kód exemplára Date last seen Typ exemplára
      Kúpa Obecná knižnica Horná Štubňa Obecná knižnica Horná Štubňa 28.03.2026 7.95   9788055123837 28.03.2026 Krásna literatúra pre dospelých
Projekt je podporený Slovenskou asociáciou knižníc
Prevádzkuje Turčianska knižnica Martin 2026